000 00713nam a2200241 i 4500
001 bgj
100 1 _aPYE, Diana
245 1 0 _aCAE Listening and Speaking skills /
_cDiane Pye and Simon Greenall.
260 _aCambridge :
_bCambridge University Press,
_c1996.
300 _aset of 2 audio cassettes.
650 9 _aEnglish language
650 9 _aEnglish language
_xListening
650 9 _aEnglish language
_xSpoken English
655 _aTextbooks for foreigners
655 _aExaminations, questions, etc.
700 1 _aGREENALL, Simon.
_eco-author
020 _a0521485347
040 _cBPK
041 0 _aeng
920 _a0-521-48534-7
942 _cKS
008 s uk f |000 0 eng
999 _c50902
_d50902
856 _uhttp://koha.tu.koszalin.pl/cgi-bin/koha/opac-detail.pl?biblionumber=50902
_yKatalog online BPK